Alle PDC Premier League Darts Teilnehmer 2006 - Statistiken

Allgemein
  • Dieses Quiz wurde 30 mal gespielt
  • Das Durchschnittsergebnis liegt bei 5 aus 7
Antwortstatistiken
Ranking Land Dartsspieler % Korrekt
1 England Phil Taylor
100%
2 Niederlande Raymond van Barneveld
100%
3 Niederlande Roland Scholten
78%
6 England Peter Manley
74%
4 England Colin Lloyd
65%
7 England Wayne Mardle
65%
5 England Ronnie Baxter
39%
Keine übereinstimmenden Quizze gefunden
Verteilung der Resultate
Anzahl Personen mit jedem Resultat
Perzentil nach korrekt beantworteten Fragen
Ihre Resultats-Entwicklung
Sie haben dieses Quiz noch nicht gespielt